<?xml version="1.0" encoding="UTF-8"?><?xml-stylesheet type="text/xsl" href="static/style.xsl"?><OAI-PMH xmlns="http://www.openarchives.org/OAI/2.0/" xmlns:xsi="http://www.w3.org/2001/XMLSchema-instance" xsi:schemaLocation="http://www.openarchives.org/OAI/2.0/ http://www.openarchives.org/OAI/2.0/OAI-PMH.xsd"><responseDate>2026-04-17T17:45:10Z</responseDate><request verb="GetRecord" identifier="oai:www.recercat.cat:20.500.12328/4962" metadataPrefix="marc">https://recercat.cat/oai/request</request><GetRecord><record><header><identifier>oai:recercat.cat:20.500.12328/4962</identifier><datestamp>2025-07-23T07:35:50Z</datestamp><setSpec>com_2072_67741</setSpec><setSpec>col_2072_484352</setSpec></header><metadata><record xmlns="http://www.loc.gov/MARC21/slim" xmlns:dcterms="http://purl.org/dc/terms/" xmlns:xsi="http://www.w3.org/2001/XMLSchema-instance" xmlns:doc="http://www.lyncode.com/xoai" xsi:schemaLocation="http://www.loc.gov/MARC21/slim http://www.loc.gov/standards/marcxml/schema/MARC21slim.xsd">
   <leader>00925njm 22002777a 4500</leader>
   <datafield ind2=" " ind1=" " tag="042">
      <subfield code="a">dc</subfield>
   </datafield>
   <datafield ind2=" " ind1=" " tag="720">
      <subfield code="a">Roca Trenchs, Núria</subfield>
      <subfield code="e">author</subfield>
   </datafield>
   <datafield ind2=" " ind1=" " tag="720">
      <subfield code="a">Castillo Hinojosa, Ana María</subfield>
      <subfield code="e">author</subfield>
   </datafield>
   <datafield ind2=" " ind1=" " tag="720">
      <subfield code="a">Sigaud Sellos, Pedro</subfield>
      <subfield code="e">author</subfield>
   </datafield>
   <datafield ind2=" " ind1=" " tag="260">
      <subfield code="c">2024</subfield>
   </datafield>
   <datafield ind2=" " ind1=" " tag="520">
      <subfield code="a">Introducción: Los medios sociales son los más populares entre los jóvenes: se identifican con los contenidos y sienten que forman parte de un colectivo. Se analizan los contenidos de los principales influencers en España y Chile para saber: 1) de qué hablan e identificar si se trata de contenidos informacionales, educativos o de entretenimiento, 2) determinar su calidad y si, eventualmente, propician la desinformación y tienden a la banalización; y 3) reflexionar sobre la calidad de los contenidos y cómo pueden afectar en la configuración de la dieta mediática de los jóvenes. Metodología: Se analizan 12 cuentas de influencers en Instagram, TikTok y YouTube a través de 439 contenidos. Se propone un análisis comparativo de contenido que combina el método cualitativo y el cuantitativo. Resultados: Los influencers hablan de una gran variedad de temas, pero priorizan exponer su vida personal desde la vertiente del entretenimiento. Se constata la escasa calidad de los contenidos, que tienden a la banalización. Discusión: La investigación presenta como novedad que se fija en la calidad de los contenidos (más allá de los temas de los que se habla) y en cómo pueden influir en sus seguidores. Conclusiones: Identificar esta trivialización de los contenidos puede contribuir a desarrollar políticas públicas y programas formativos en alfabetización mediática y fomentar la regulación y autorregulación de contenidos en los medios sociales, por el impacto en la salud mental de los jóvenes, que están construyendo su identidad.</subfield>
   </datafield>
   <datafield ind1="8" ind2=" " tag="024">
      <subfield code="a">Roca Trenchs, Núria; Castillo Hinojosa, Ana María; Sigaud Sellos, Pedro [et al.]. Alimentando el ego. La banalización de los contenidos de los influencers y su impacto en la identidad de los jóvenes. Estudios de caso en España y Chile. Revista Latina De Comunicación Social, 2024, 83, p. 1–25. Disponible en: &lt;https://nuevaepoca.revistalatinacs.org/index.php/revista/article/view/2414>. Fecha de acceso: 21 jul. 2025. DOI: 10.4185/rlcs-2025-2414</subfield>
   </datafield>
   <datafield ind1="8" ind2=" " tag="024">
      <subfield code="a">1138-5820</subfield>
   </datafield>
   <datafield ind1="8" ind2=" " tag="024">
      <subfield code="a">http://hdl.handle.net/20.500.12328/4962</subfield>
   </datafield>
   <datafield ind1="8" ind2=" " tag="024">
      <subfield code="a">https://dx.doi.org/10.4185/rlcs-2025-2414</subfield>
   </datafield>
   <datafield tag="653" ind2=" " ind1=" ">
      <subfield code="a">Identitat</subfield>
   </datafield>
   <datafield tag="653" ind2=" " ind1=" ">
      <subfield code="a">Creador de contingut</subfield>
   </datafield>
   <datafield tag="653" ind2=" " ind1=" ">
      <subfield code="a">Joves</subfield>
   </datafield>
   <datafield tag="653" ind2=" " ind1=" ">
      <subfield code="a">Qualitat dels continguts</subfield>
   </datafield>
   <datafield tag="653" ind2=" " ind1=" ">
      <subfield code="a">Consum digital</subfield>
   </datafield>
   <datafield tag="653" ind2=" " ind1=" ">
      <subfield code="a">Dieta mediàtica</subfield>
   </datafield>
   <datafield tag="653" ind2=" " ind1=" ">
      <subfield code="a">Mitjans socials</subfield>
   </datafield>
   <datafield tag="653" ind2=" " ind1=" ">
      <subfield code="a">Identidad</subfield>
   </datafield>
   <datafield tag="653" ind2=" " ind1=" ">
      <subfield code="a">Creador de contenido</subfield>
   </datafield>
   <datafield tag="653" ind2=" " ind1=" ">
      <subfield code="a">Jóvenes</subfield>
   </datafield>
   <datafield tag="653" ind2=" " ind1=" ">
      <subfield code="a">Calidad de los contenidos</subfield>
   </datafield>
   <datafield tag="653" ind2=" " ind1=" ">
      <subfield code="a">Consumo digital</subfield>
   </datafield>
   <datafield tag="653" ind2=" " ind1=" ">
      <subfield code="a">Dieta mediática</subfield>
   </datafield>
   <datafield tag="653" ind2=" " ind1=" ">
      <subfield code="a">Medios sociales</subfield>
   </datafield>
   <datafield tag="653" ind2=" " ind1=" ">
      <subfield code="a">Identity</subfield>
   </datafield>
   <datafield tag="653" ind2=" " ind1=" ">
      <subfield code="a">Content creator</subfield>
   </datafield>
   <datafield tag="653" ind2=" " ind1=" ">
      <subfield code="a">Youth</subfield>
   </datafield>
   <datafield tag="653" ind2=" " ind1=" ">
      <subfield code="a">Content quality</subfield>
   </datafield>
   <datafield tag="653" ind2=" " ind1=" ">
      <subfield code="a">Digital consumption</subfield>
   </datafield>
   <datafield tag="653" ind2=" " ind1=" ">
      <subfield code="a">Media diet</subfield>
   </datafield>
   <datafield tag="653" ind2=" " ind1=" ">
      <subfield code="a">Social media</subfield>
   </datafield>
   <datafield ind2="0" ind1="0" tag="245">
      <subfield code="a">Alimentando el ego. La banalización de los contenidos de los influencers y su impacto en la identidad de los jóvenes. Estudios de caso en España y Chile</subfield>
   </datafield>
</record></metadata></record></GetRecord></OAI-PMH>